000 00630nam a22001937a 4500
005 20251108171945.0
008 250721s1999 xx 000 0 ara d
082 1 4 _a005.1/عقي
100 1 _aالعقيلي، صالح أرشيد
245 1 0 _aالمهارات الحاسوبية الأساسية و البرمجيات الجاهزة 2000 /
264 1 _aعمان :
_bدار الشروق للنشر،
_c1999.
300 _a200ص
650 1 7 _aالحواسيب
650 1 7 _aالبرمجة
700 1 _aياسين، مصطفى محمود
700 1 _aعايش، خالد أحمد
942 _2ddc
_cBK
999 _c66864
_d66864